ALGORITHMSFOR A NEW WORLD (Record no. 4578)
[ view plain ]
| 000 -LEADER | |
|---|---|
| fixed length control field | 00394nam a22001577a 4500 |
| 008 - FIXED-LENGTH DATA ELEMENTS--GENERAL INFORMATION | |
| fixed length control field | 260304b |||||||| |||| 00| 0 eng d |
| 020 ## - INTERNATIONAL STANDARD BOOK NUMBER | |
| ISBN | 9783030961657 |
| 100 ## - MAIN ENTRY--AUTHOR | |
| Author | QUARTERIONI, ALFIO |
| 245 ## - TITLE STATEMENT | |
| Title | ALGORITHMSFOR A NEW WORLD |
| 260 ## - PUBLICATION, DISTRIBUTION, ETC. (IMPRINT) | |
| Place of publication | SWITZERLAND |
| Name of publisher | SPRING NATURE |
| Date of publication | 2022 |
| 300 ## - COLLATION | |
| Pagination | XV,61P |
| Other physical details | ILL |
| 650 ## - TRACINGS | |
| Main Subject | ALGORITHMS |
| 942 ## - ADDED ENTRY ELEMENTS (KOHA) | |
| Item type | Books |
| 050 ## - LIBRARY OF CONGRESS CALL NUMBER | |
| Classification number | QA76.9 |
| Item number | Q.83 |
| Source of classification or shelving scheme | Not for loan | Permanent location | Current location | Date acquired | Accession No. | Full call number | Barcode. | Copy number | Koha item type |
|---|---|---|---|---|---|---|---|---|---|
| Library of Congress Classification | Samuel Ogbemudia Main Library, University of Abuja | Samuel Ogbemudia Main Library, University of Abuja | 03/04/2026 | 2924/61956 | QA76.9 .Q83 | 2026-0064 | 1 | Books |